000 00329 a2200157 4500
001 173900
020 _a
040 _cMagnum
100 _aBelinky, Tatiana
240 1 0 _aA historia da ursa-parda
_lpor
245 1 0 _aA historia da ursa-parda
362 0 _a1899
440 1 _aScipione
697 _aIJ/ANIMAIS
942 _cBK
999 _c173900
_d173900